00361naa a2200133 a 450000100080000000500110000800800410001910000110006024500630007126000090013465300160014365300100015977300580016910786662011-07-22 2011 bl uuuu u00u1 u #d1 aEpagri aCondi????o clim??tica afeta agricultura em Santa Catarina. c2011 aAgricultura aClima tDi??rio do Igua??u, Chapec??, SC, 03 mar. 2011. p. 9.